[Event "Deutsche Ländermeisterschaft 2021"]
[Site "Neumünster GER"]
[Date "2021.10.02"]
[Round "1"]
[White "Trunz, Michelle"]
[Black "Evering, Enna"]
[Result "1-0"]
[Termination "normal"]
[Board "2.7"]
[WhiteElo "1722"]
[BlackElo "1568"]
[WhiteClock "00:55:08"]
[BlackClock "00:28:29"]
[WhiteTeam "Nordrhein-Westfalen"]
[BlackTeam "SG Bremen / Niedersachsen"]
[PlyCount "95"]
[WhiteFideId "16227980"]
[BlackFideId "16218213"]
[EventCountry "GER"]
[EventRounds "7"]
[EventType "team-swiss"]
[EventDate "2021.10.01"]

1. d4 {[%clk 1:30:58]} Nf6 {[%clk 1:30:44]} 2. c4 {[%clk 1:31:17]} e6 {[%clk
1:30:56]} 3. Nc3 {[%clk 1:31:38]} d5 {[%clk 1:30:55]} 4. Bg5 {[%clk 1:31:45]}
Be7 {[%clk 1:30:27]} 5. e3 {[%clk 1:32:04]} O-O {[%clk 1:29:45]} 6. Nf3 {[%clk
1:31:43]} Nbd7 {[%clk 1:28:54]} 7. Bd3 {[%clk 1:31:46]} h6 {[%clk 1:27:54]} 8.
Bf4 {[%clk 1:31:22]} b6 {[%clk 1:22:00]} 9. Qe2 {[%clk 1:31:20]} Bb7 {[%clk
1:17:51]} 10. h3 {[%clk 1:28:59]} c5 {[%clk 1:10:16]} 11. cxd5 {[%clk 1:28:03]}
exd5 {[%clk 1:06:55]} 12. O-O {[%clk 1:26:01]} Rc8 {[%clk 1:02:08]} 13. Rac1
{[%clk 1:25:28]} Re8 {[%clk 0:55:49]} 14. Bf5 {[%clk 1:15:38]} Rc6 {[%clk
0:34:01]} 15. Bxd7 {[%clk 1:15:03]} Nxd7 {[%clk 0:33:05]} 16. Nxd5 {[%clk
1:13:53]} Bd6 {[%clk 0:27:01]} 17. Qd2 {[%clk 1:00:57]} Nf6 {[%clk 0:18:23]}
18. Nxf6+ {[%clk 1:00:28]} Qxf6 {[%clk 0:18:18]} 19. Ne5 {[%clk 0:55:07]} Bxe5
{[%clk 0:12:38]} 20. Bxe5 {[%clk 0:54:45]} Qg6 {[%clk 0:12:10]} 21. Bg3 {[%clk
0:53:34]} Rd8 {[%clk 0:10:52]} 22. Rfd1 {[%clk 0:51:38]} cxd4 {[%clk 0:09:59]}
23. exd4 {[%clk 0:49:10]} Rxc1 {[%clk 0:08:14]} 24. Qxc1 {[%clk 0:47:49]} Qe4
{[%clk 0:07:43]} 25. f3 {[%clk 0:47:36]} Qg6 {[%clk 0:03:54]} 26. Qc7 {[%clk
0:44:48]} Re8 {[%clk 0:03:18]} 27. Kh2 {[%clk 0:39:55]} Bd5 {[%clk 0:02:18]}
28. Qd7 {[%clk 0:37:31]} Bc6 {[%clk 0:01:49]} 29. Qd6 {[%clk 0:30:58]} Qxd6
{[%clk 0:01:18]} 30. Bxd6 {[%clk 0:31:15]} Re2 {[%clk 0:01:29]} 31. d5 {[%clk
0:31:20]} Bd7 {[%clk 0:00:53]} 32. Ba3 {[%clk 0:30:53]} f6 {[%clk 0:00:56]} 33.
Rc1 {[%clk 0:30:23]} Kf7 {[%clk 0:00:36]} 34. Rc7 {[%clk 0:30:38]} Ke8 {[%clk
0:00:40]} 35. Rxa7 {[%clk 0:30:37]} Rd2 {[%clk 0:00:55]} 36. d6 {[%clk
0:30:03]} b5 {[%clk 0:01:01]} 37. Rb7 {[%clk 0:27:50]} Bc6 {[%clk 0:00:32]} 38.
Re7+ {[%clk 0:27:02]} Kd8 {[%clk 0:00:38]} 39. Kg3 {[%clk 0:25:48]} Rd4 {[%clk
0:00:34]} 40. Bc5 {[%clk 0:25:29]} Rd5 {[%clk 0:00:56]} 41. Bb6+ {[%clk
0:25:33]} Kc8 {[%clk 0:01:13]} 42. Rc7+ {[%clk 0:25:43]} Kb8 {[%clk 0:01:37]}
43. Rxc6 {[%clk 0:25:47]} Kb7 {[%clk 0:01:52]} 44. Rc5 {[%clk 0:25:43]} Rxd6
{[%clk 0:02:11]} 45. Rxb5 {[%clk 0:24:20]} Rxb6 {[%clk 0:27:57]} 46. Rxb6+
{[%clk 0:54:41]} Kxb6 {[%clk 0:28:24]} 47. Kf4 {[%clk 0:55:02]} Kb5 {[%clk
0:28:29]} 48. Kf5 {[%clk 0:55:08]} 1-0

[Event "Deutsche Ländermeisterschaft 2021"]
[Site "Neumünster GER"]
[Date "2021.10.02"]
[Round "1"]
[White "Pubantz, Jan"]
[Black "Post, Hugo"]
[Result "1/2-1/2"]
[Termination "normal"]
[Board "3.2"]
[WhiteElo "2274"]
[BlackElo "2188"]
[WhiteClock "00:02:50"]
[BlackClock "00:25:48"]
[WhiteTeam "Niedersachsen"]
[BlackTeam "Sachsen-Anhalt"]
[PlyCount "95"]
[WhiteFideId "12996114"]
[BlackFideId "12962490"]
[EventCountry "GER"]
[EventRounds "7"]
[EventType "team-swiss"]
[EventDate "2021.10.01"]

1. Nf3 {[%clk 1:30:30]} Nf6 {[%clk 1:30:38]} 2. c4 {[%clk 1:31:26]} e6 {[%clk
1:30:40]} 3. Nc3 {[%clk 1:31:45]} d5 {[%clk 1:30:32]} 4. e3 {[%clk 1:31:56]}
Be7 {[%clk 1:30:36]} 5. b3 {[%clk 1:31:24]} O-O {[%clk 1:30:42]} 6. Bb2 {[%clk
1:31:43]} c5 {[%clk 1:29:53]} 7. cxd5 {[%clk 1:31:27]} exd5 {[%clk 1:19:45]} 8.
d4 {[%clk 1:31:29]} Qa5 {[%clk 1:10:09]} 9. Qd2 {[%clk 1:18:42]} Nc6 {[%clk
1:07:29]} 10. dxc5 {[%clk 1:05:01]} Bg4 {[%clk 0:54:02]} 11. Be2 {[%clk
0:56:58]} Bxc5 {[%clk 0:48:19]} 12. a3 {[%clk 0:52:55]} Qd8 {[%clk 0:41:31]}
13. O-O {[%clk 0:44:26]} d4 {[%clk 0:38:26]} 14. Na4 {[%clk 0:36:58]} Bd6
{[%clk 0:24:18]} 15. Nxd4 {[%clk 0:32:44]} Nxd4 {[%clk 0:18:14]} 16. Bxd4
{[%clk 0:31:15]} Ne4 {[%clk 0:16:45]} 17. Qb2 {[%clk 0:26:57]} Bf5 {[%clk
0:10:06]} 18. Be5 {[%clk 0:19:36]} Re8 {[%clk 0:06:37]} 19. Bxd6 {[%clk
0:19:38]} Qxd6 {[%clk 0:07:06]} 20. Rad1 {[%clk 0:16:08]} Qg6 {[%clk 0:06:32]}
21. Nc3 {[%clk 0:09:18]} Ng5 {[%clk 0:02:53]} 22. Nd5 {[%clk 0:06:45]} Be4
{[%clk 0:03:05]} 23. Bg4 {[%clk 0:02:00]} f5 {[%clk 0:01:54]} 24. Nf4 {[%clk
0:02:08]} Qc6 {[%clk 0:02:23]} 25. Be2 {[%clk 0:02:01]} b5 {[%clk 0:01:04]} 26.
f3 {[%clk 0:01:03]} Bc2 {[%clk 0:00:58]} 27. Rc1 {[%clk 0:00:41]} Qc5 {[%clk
0:01:10]} 28. Rxc2 {[%clk 0:00:48]} Qxe3+ {[%clk 0:01:37]} 29. Kh1 {[%clk
0:01:05]} Qxf4 {[%clk 0:02:06]} 30. Bxb5 {[%clk 0:01:15]} Re7 {[%clk 0:00:53]}
31. Qc3 {[%clk 0:01:14]} h6 {[%clk 0:00:35]} 32. Qc4+ {[%clk 0:00:56]} Qxc4
{[%clk 0:01:03]} 33. Bxc4+ {[%clk 0:00:48]} Kh7 {[%clk 0:01:31]} 34. Rd1 {[%clk
0:00:45]} Rae8 {[%clk 0:01:23]} 35. Kg1 {[%clk 0:00:43]} Nf7 {[%clk 0:01:10]}
36. Bxf7 {[%clk 0:00:35]} Rxf7 {[%clk 0:01:39]} 37. Rd4 {[%clk 0:00:34]} Re3
{[%clk 0:01:39]} 38. Rb4 {[%clk 0:00:41]} a5 {[%clk 0:00:34]} 39. Rb5 {[%clk
0:00:39]} a4 {[%clk 0:00:36]} 40. bxa4 {[%clk 0:01:04]} Rxa3 {[%clk 0:00:42]}
41. a5 {[%clk 0:22:49]} f4 {[%clk 0:29:09]} 42. h4 {[%clk 0:22:15]} Ra4 {[%clk
0:25:42]} 43. Rcc5 {[%clk 0:20:52]} Rd7 {[%clk 0:25:08]} 44. Rd5 {[%clk
0:18:13]} Rc7 {[%clk 0:25:23]} 45. Rbc5 {[%clk 0:14:55]} Rb7 {[%clk 0:25:08]}
46. Rb5 {[%clk 0:06:55]} Rc7 {[%clk 0:25:25]} 47. Rdc5 {[%clk 0:04:34]} Rd7
{[%clk 0:25:48]} 48. Rd5 {[%clk 0:02:50]} 1/2-1/2

[Event "Deutsche Ländermeisterschaft 2021"]
[Site "Neumünster GER"]
[Date "2021.10.02"]
[Round "1"]
[White "Haubold, Sebastian Marcel"]
[Black "Knüdel, Torben"]
[Result "1/2-1/2"]
[Termination "normal"]
[Board "3.3"]
[WhiteElo "1884"]
[BlackElo "2191"]
[WhiteClock "00:03:08"]
[BlackClock "00:02:42"]
[WhiteTeam "Sachsen-Anhalt"]
[BlackTeam "Niedersachsen"]
[PlyCount "63"]
[WhiteFideId "16259637"]
[BlackFideId "16208820"]
[EventCountry "GER"]
[EventRounds "7"]
[EventType "team-swiss"]
[EventDate "2021.10.01"]

1. e4 {[%clk 1:30:57]} e5 {[%clk 1:30:33]} 2. Nf3 {[%clk 1:31:20]} Nc6 {[%clk
1:31:00]} 3. Bb5 {[%clk 1:31:39]} a6 {[%clk 1:31:23]} 4. Ba4 {[%clk 1:31:39]}
Nf6 {[%clk 1:31:47]} 5. O-O {[%clk 1:31:48]} Be7 {[%clk 1:32:07]} 6. d3 {[%clk
1:31:44]} b5 {[%clk 1:28:05]} 7. Bb3 {[%clk 1:30:33]} Bb7 {[%clk 1:27:52]} 8.
Re1 {[%clk 1:24:24]} O-O {[%clk 1:26:47]} 9. Nbd2 {[%clk 1:22:07]} d5 {[%clk
1:25:19]} 10. c3 {[%clk 1:19:59]} Qd7 {[%clk 1:13:38]} 11. Nf1 {[%clk 1:06:06]}
Rad8 {[%clk 1:02:39]} 12. Bg5 {[%clk 0:57:11]} dxe4 {[%clk 0:45:06]} 13. dxe4
{[%clk 0:57:26]} Qxd1 {[%clk 0:42:08]} 14. Raxd1 {[%clk 0:57:44]} Rxd1 {[%clk
0:42:18]} 15. Rxd1 {[%clk 0:51:53]} h6 {[%clk 0:21:49]} 16. Bxf6 {[%clk
0:44:23]} Bxf6 {[%clk 0:22:14]} 17. Rd7 {[%clk 0:41:26]} Na5 {[%clk 0:19:17]}
18. Bd5 {[%clk 0:34:29]} c6 {[%clk 0:18:14]} 19. Bb3 {[%clk 0:33:56]} Bc8
{[%clk 0:17:55]} 20. Rc7 {[%clk 0:27:58]} Nxb3 {[%clk 0:07:06]} 21. axb3 {[%clk
0:28:11]} Rd8 {[%clk 0:06:06]} 22. Ne3 {[%clk 0:20:03]} Bd7 {[%clk 0:05:45]}
23. b4 {[%clk 0:15:06]} Kf8 {[%clk 0:05:23]} 24. g4 {[%clk 0:11:31]} Ke8 {[%clk
0:05:02]} 25. Nf5 {[%clk 0:08:38]} Ra8 {[%clk 0:04:04]} 26. Rb7 {[%clk
0:06:26]} Kd8 {[%clk 0:03:19]} 27. Nd6 {[%clk 0:06:15]} Ke7 {[%clk 0:03:05]}
28. Nxf7 {[%clk 0:05:06]} Ke6 {[%clk 0:02:41]} 29. g5 {[%clk 0:04:33]} hxg5
{[%clk 0:02:41]} 30. N7xg5+ {[%clk 0:03:25]} Ke7 {[%clk 0:02:45]} 31. Nf7
{[%clk 0:03:22]} Ke6 {[%clk 0:02:42]} 32. N7g5+ {[%clk 0:03:08]} 1/2-1/2

[Event "Deutsche Ländermeisterschaft 2021"]
[Site "Neumünster GER"]
[Date "2021.10.02"]
[Round "1"]
[White "Payyappat, Sreyas"]
[Black "Dietz, Kristin"]
[Result "1-0"]
[Termination "normal"]
[Board "3.4"]
[WhiteElo "2244"]
[BlackElo "1924"]
[WhiteClock "00:15:29"]
[BlackClock "00:01:25"]
[WhiteTeam "Niedersachsen"]
[BlackTeam "Sachsen-Anhalt"]
[PlyCount "89"]
[WhiteFideId "46674969"]
[BlackFideId "12993743"]
[EventCountry "GER"]
[EventRounds "7"]
[EventType "team-swiss"]
[EventDate "2021.10.01"]

1. b3 {[%clk 1:30:59]} d5 {[%clk 1:20:56]} 2. Bb2 {[%clk 1:31:16]} c5 3. e3
{[%clk 1:31:38]} Nc6 {[%clk 1:19:04]} 4. Nf3 {[%clk 1:31:29]} Bg4 {[%clk
1:16:53]} 5. Be2 {[%clk 1:29:06]} e6 {[%clk 1:16:15]} 6. O-O {[%clk 1:28:55]}
Nf6 {[%clk 1:15:44]} 7. d4 {[%clk 1:28:26]} Bd6 {[%clk 1:14:15]} 8. Nbd2 {[%clk
1:26:50]} O-O {[%clk 1:13:49]} 9. Ne5 {[%clk 1:24:47]} Bxe2 {[%clk 1:12:07]}
10. Qxe2 {[%clk 1:25:11]} Bxe5 {[%clk 0:58:31]} 11. dxe5 {[%clk 1:25:34]} Nd7
{[%clk 0:58:55]} 12. f4 {[%clk 1:23:11]} Rc8 {[%clk 0:48:09]} 13. c4 {[%clk
1:20:32]} Nb6 {[%clk 0:38:03]} 14. Rad1 {[%clk 1:17:35]} Qe7 {[%clk 0:37:16]}
15. f5 {[%clk 1:12:16]} exf5 {[%clk 0:36:11]} 16. cxd5 {[%clk 1:12:34]} Nxd5
{[%clk 0:34:08]} 17. Nc4 {[%clk 1:11:48]} Qe6 {[%clk 0:32:52]} 18. Nd6 {[%clk
1:11:09]} Rc7 {[%clk 0:29:56]} 19. e4 {[%clk 1:05:48]} fxe4 {[%clk 0:29:19]}
20. Nxe4 {[%clk 1:06:03]} Nce7 {[%clk 0:26:07]} 21. Qf2 {[%clk 1:01:41]} Qc6
{[%clk 0:21:41]} 22. Qg3 {[%clk 0:57:38]} Ng6 {[%clk 0:21:28]} 23. h4 {[%clk
0:48:30]} h5 {[%clk 0:12:54]} 24. Qg5 {[%clk 0:39:09]} Re8 {[%clk 0:09:07]} 25.
Ng3 {[%clk 0:33:52]} Nxh4 {[%clk 0:07:03]} 26. e6 {[%clk 0:25:41]} fxe6 {[%clk
0:06:52]} 27. Ne4 {[%clk 0:24:47]} Nf5 {[%clk 0:06:01]} 28. Rxd5 {[%clk
0:24:50]} Rf8 {[%clk 0:04:11]} 29. Rxc5 {[%clk 0:21:54]} Qb6 {[%clk 0:04:00]}
30. Bd4 {[%clk 0:22:15]} Rcf7 {[%clk 0:02:24]} 31. Bf2 {[%clk 0:19:10]} Qa6
{[%clk 0:02:45]} 32. Qxh5 {[%clk 0:15:54]} Ne3 {[%clk 0:02:40]} 33. Re1 {[%clk
0:16:14]} Nd5 {[%clk 0:02:05]} 34. Ng5 {[%clk 0:15:38]} Nf6 {[%clk 0:02:31]}
35. Qh3 {[%clk 0:15:27]} Re7 {[%clk 0:01:37]} 36. Rxe6 {[%clk 0:14:57]} Rxe6
{[%clk 0:01:23]} 37. Qxe6+ {[%clk 0:15:07]} Qxe6 {[%clk 0:01:48]} 38. Nxe6
{[%clk 0:15:33]} Re8 {[%clk 0:01:14]} 39. Nd4 {[%clk 0:15:41]} Ne4 {[%clk
0:01:01]} 40. Rc7 {[%clk 0:15:39]} Rd8 {[%clk 0:01:25]} 41. Rxg7+ {[%clk
0:15:56]} Kh8 {[%clk 0:01:38]} 42. Rg4 {[%clk 0:15:50]} Nc3 {[%clk 0:01:12]}
43. Bh4 {[%clk 0:15:29]} Rd7 {[%clk 0:01:00]} 44. Bf6+ {[%clk 0:15:16]} Kh7
{[%clk 0:01:25]} 45. Ne6 {[%clk 0:15:29]} 1-0

[Event "Deutsche Ländermeisterschaft 2021"]
[Site "Neumünster GER"]
[Date "2021.10.02"]
[Round "1"]
[White "Pohle, Saskia"]
[Black "Nizamova, Rita"]
[Result "0-1"]
[Termination "normal"]
[Board "3.5"]
[WhiteElo "1880"]
[BlackElo "1715"]
[WhiteClock "00:07:19"]
[BlackClock "00:39:26"]
[WhiteTeam "Sachsen-Anhalt"]
[BlackTeam "Niedersachsen"]
[PlyCount "66"]
[WhiteFideId "16201604"]
[BlackFideId "16221940"]
[EventCountry "GER"]
[EventRounds "7"]
[EventType "team-swiss"]
[EventDate "2021.10.01"]

1. e4 {[%clk 1:30:59]} e5 {[%clk 1:30:56]} 2. Nf3 {[%clk 1:31:24]} Nc6 {[%clk
1:31:23]} 3. Bb5 {[%clk 1:31:49]} Nd4 {[%clk 1:31:47]} 4. Nxd4 {[%clk 1:32:12]}
exd4 {[%clk 1:32:13]} 5. O-O {[%clk 1:32:32]} c6 {[%clk 1:32:40]} 6. Bc4 {[%clk
1:32:02]} Nf6 {[%clk 1:33:04]} 7. Qe2 {[%clk 1:30:32]} Be7 {[%clk 1:32:01]} 8.
e5 {[%clk 1:28:06]} Nd5 {[%clk 1:32:20]} 9. Bxd5 {[%clk 1:27:31]} cxd5 {[%clk
1:32:49]} 10. Qb5 {[%clk 1:25:16]} O-O {[%clk 1:32:33]} 11. Qxd5 {[%clk
1:24:23]} d6 {[%clk 1:32:34]} 12. Qxd4 {[%clk 1:18:37]} Qc7 {[%clk 1:32:36]}
13. f4 {[%clk 1:14:11]} dxe5 {[%clk 1:32:38]} 14. Qxe5 {[%clk 1:14:29]} Bd6
{[%clk 1:32:59]} 15. Qc3 {[%clk 1:12:29]} Qb6+ {[%clk 1:31:13]} 16. Kh1 {[%clk
1:12:31]} Bd7 {[%clk 1:30:24]} 17. b3 {[%clk 1:07:45]} Rac8 {[%clk 1:26:46]}
18. Qd3 {[%clk 1:06:29]} Qc7 {[%clk 1:26:16]} 19. Nc3 {[%clk 1:02:55]} Bc6
{[%clk 1:23:06]} 20. Qg3 {[%clk 0:58:50]} Rfe8 {[%clk 1:22:30]} 21. Bb2 {[%clk
0:58:41]} f5 {[%clk 1:18:45]} 22. Qg5 {[%clk 0:54:13]} Re6 {[%clk 1:14:15]} 23.
Qxf5 {[%clk 0:48:56]} Rf6 {[%clk 1:11:08]} 24. Qd3 {[%clk 0:47:50]} Rg6 {[%clk
1:10:00]} 25. Nd5 {[%clk 0:44:28]} Qf7 {[%clk 1:06:08]} 26. c4 {[%clk 0:41:08]}
Rd8 {[%clk 0:58:58]} 27. Ne3 {[%clk 0:35:20]} Bc7 {[%clk 0:57:03]} 28. Qe2
{[%clk 0:29:24]} Be4 {[%clk 0:54:45]} 29. f5 {[%clk 0:25:57]} Rg5 {[%clk
0:49:32]} 30. d4 Re8 {[%clk 0:46:14]} 31. Rg1 {[%clk 0:17:18]} Rh5 {[%clk
0:41:11]} 32. Nf1 {[%clk 0:15:42]} Qxf5 {[%clk 0:40:43]} 33. Qd1 {[%clk
0:07:19]} Qh3 {[%clk 0:39:26]} 0-1

[Event "Deutsche Ländermeisterschaft 2021"]
[Site "Neumünster GER"]
[Date "2021.10.02"]
[Round "1"]
[White "Sauer, Tim"]
[Black "Voigt, Anastasia"]
[Result "0-1"]
[Termination "normal"]
[Board "3.6"]
[WhiteElo "1703"]
[BlackElo "1756"]
[WhiteClock "00:12:14"]
[BlackClock "00:14:57"]
[WhiteTeam "Niedersachsen"]
[BlackTeam "Sachsen-Anhalt"]
[PlyCount "120"]
[WhiteFideId "16265726"]
[BlackFideId "16235223"]
[EventCountry "GER"]
[EventRounds "7"]
[EventType "team-swiss"]
[EventDate "2021.10.01"]

1. c4 {[%clk 1:30:57]} e6 {[%clk 1:30:54]} 2. Nc3 {[%clk 1:31:24]} d5 {[%clk
1:31:09]} 3. cxd5 {[%clk 1:31:47]} exd5 {[%clk 1:31:34]} 4. d4 {[%clk 1:32:13]}
Nf6 {[%clk 1:31:54]} 5. Bf4 {[%clk 1:31:02]} Bd6 {[%clk 1:28:12]} 6. Bg3 {[%clk
1:27:07]} O-O {[%clk 1:24:22]} 7. e3 {[%clk 1:26:30]} c6 {[%clk 1:21:54]} 8.
Bd3 {[%clk 1:26:10]} Re8 {[%clk 1:18:32]} 9. Qc2 {[%clk 1:24:01]} Qe7 {[%clk
1:15:14]} 10. Nge2 {[%clk 1:14:26]} Nbd7 {[%clk 1:13:36]} 11. O-O {[%clk
1:11:35]} Nf8 {[%clk 1:07:19]} 12. Rab1 {[%clk 1:09:36]} a5 {[%clk 1:04:23]}
13. Na4 {[%clk 1:03:25]} N8d7 {[%clk 0:56:52]} 14. a3 {[%clk 0:57:46]} Ne4
{[%clk 0:48:42]} 15. Bxd6 {[%clk 0:48:16]} Qxd6 {[%clk 0:47:09]} 16. f3 {[%clk
0:42:48]} f5 {[%clk 0:41:04]} 17. Bxe4 {[%clk 0:37:11]} fxe4 {[%clk 0:40:36]}
18. f4 {[%clk 0:35:44]} b6 {[%clk 0:37:31]} 19. Rf2 {[%clk 0:27:44]} Ba6 {[%clk
0:35:04]} 20. Rd1 {[%clk 0:26:42]} Bc4 {[%clk 0:30:33]} 21. g4 {[%clk 0:18:05]}
b5 {[%clk 0:25:57]} 22. Nc5 {[%clk 0:15:41]} a4 {[%clk 0:24:32]} 23. Ng3 {[%clk
0:02:51]} Nxc5 {[%clk 0:23:00]} 24. dxc5 {[%clk 0:03:17]} Qxc5 {[%clk 0:20:39]}
25. Qc3 {[%clk 0:03:29]} Qe7 {[%clk 0:18:45]} 26. g5 {[%clk 0:02:03]} g6 {[%clk
0:17:00]} 27. h4 {[%clk 0:02:12]} Qg7 {[%clk 0:16:46]} 28. Qb4 {[%clk 0:01:43]}
Qe7 {[%clk 0:14:38]} 29. Qc3 {[%clk 0:02:03]} c5 {[%clk 0:14:23]} 30. f5 {[%clk
0:01:14]} Qe5 {[%clk 0:13:32]} 31. Qxe5 {[%clk 0:00:45]} Rxe5 {[%clk 0:13:55]}
32. fxg6 {[%clk 0:01:09]} hxg6 {[%clk 0:14:19]} 33. Rf6 {[%clk 0:01:33]} Kg7
{[%clk 0:13:37]} 34. Rc6 {[%clk 0:01:28]} Rf8 {[%clk 0:12:14]} 35. Rxc5 {[%clk
0:01:32]} Rf3 {[%clk 0:12:30]} 36. Nf1 {[%clk 0:01:54]} Ref5 {[%clk 0:12:14]}
37. Rc7+ {[%clk 0:02:09]} Kf8 {[%clk 0:12:00]} 38. Nd2 {[%clk 0:02:05]} Rg3+
{[%clk 0:10:48]} 39. Kh2 {[%clk 0:02:22]} Rxe3 {[%clk 0:11:01]} 40. Nxc4 {[%clk
0:02:42]} bxc4 {[%clk 0:10:33]} 41. Rc8+ {[%clk 0:01:12]} Ke7 {[%clk 0:09:17]}
42. Rc7+ {[%clk 0:01:23]} Kd6 {[%clk 0:08:18]} 43. Rxc4 {[%clk 0:00:38]} Rf2+
{[%clk 0:07:14]} 44. Kg1 {[%clk 0:00:50]} Rxb2 {[%clk 0:07:06]} 45. Rxa4 {[%clk
0:00:31]} Rg3+ {[%clk 0:06:19]} 46. Kh1 {[%clk 0:27:32]} e3 {[%clk 0:28:41]}
47. Rad4 {[%clk 0:21:02]} e2 {[%clk 0:19:03]} 48. Rxd5+ {[%clk 0:19:55]} Kc6
{[%clk 0:19:16]} 49. Rd6+ {[%clk 0:20:17]} Kc5 {[%clk 0:19:31]} 50. R1d5+
{[%clk 0:19:23]} Kc4 {[%clk 0:19:25]} 51. Re5 {[%clk 0:19:39]} Rd3 {[%clk
0:17:06]} 52. Re4+ {[%clk 0:16:18]} Kc3 {[%clk 0:17:04]} 53. Rc6+ {[%clk
0:14:37]} Kd2 {[%clk 0:17:12]} 54. Rxg6 {[%clk 0:13:21]} e1=Q+ {[%clk 0:16:32]}
55. Rxe1 {[%clk 0:13:44]} Kxe1 {[%clk 0:16:56]} 56. Re6+ {[%clk 0:13:00]} Kd1
{[%clk 0:16:29]} 57. g6 {[%clk 0:12:26]} Rh3+ {[%clk 0:16:17]} 58. Kg1 {[%clk
0:12:50]} Rxh4 {[%clk 0:16:21]} 59. Rd6+ {[%clk 0:13:07]} Rd2 {[%clk 0:15:15]}
60. Rc6 {[%clk 0:12:14]} Rg4+ {[%clk 0:14:57]} 0-1

[Event "Deutsche Ländermeisterschaft 2021"]
[Site "Neumünster GER"]
[Date "2021.10.02"]
[Round "1"]
[White "Polzin, Gustav"]
[Black "Zöllner, Bente"]
[Result "1-0"]
[Termination "normal"]
[Board "3.7"]
[WhiteElo "1536"]
[BlackElo "1596"]
[WhiteClock "00:42:39"]
[BlackClock "00:03:04"]
[WhiteTeam "Sachsen-Anhalt"]
[BlackTeam "Niedersachsen"]
[PlyCount "107"]
[WhiteFideId "34603280"]
[BlackFideId "16230523"]
[EventCountry "GER"]
[EventRounds "7"]
[EventType "team-swiss"]
[EventDate "2021.10.01"]

1. e4 {[%clk 1:30:57]} c5 {[%clk 1:30:52]} 2. Nf3 {[%clk 1:31:17]} Nc6 {[%clk
1:31:17]} 3. d4 {[%clk 1:31:39]} cxd4 {[%clk 1:31:41]} 4. Nxd4 {[%clk 1:32:01]}
Nf6 {[%clk 1:32:00]} 5. Nc3 {[%clk 1:31:45]} e5 {[%clk 1:32:11]} 6. Ndb5 {[%clk
1:31:56]} d6 {[%clk 1:32:24]} 7. Na3 {[%clk 1:31:59]} h6 {[%clk 1:21:50]} 8.
Nc4 {[%clk 1:25:15]} Be6 {[%clk 1:18:18]} 9. Ne3 {[%clk 1:19:37]} Nd4 {[%clk
1:14:13]} 10. Bd3 {[%clk 1:08:56]} d5 {[%clk 1:07:50]} 11. exd5 {[%clk
0:58:33]} Nxd5 {[%clk 1:06:12]} 12. Ncxd5 {[%clk 0:53:05]} Bxd5 {[%clk
1:05:35]} 13. O-O {[%clk 0:53:19]} Bc6 {[%clk 0:57:54]} 14. Nc4 {[%clk
0:50:48]} Qd5 {[%clk 0:46:45]} 15. Qg4 {[%clk 0:47:50]} h5 {[%clk 0:38:52]} 16.
Qg3 {[%clk 0:47:50]} O-O-O {[%clk 0:24:22]} 17. Ne3 {[%clk 0:35:57]} h4 {[%clk
0:20:11]} 18. Qh3+ {[%clk 0:34:15]} Bd7 {[%clk 0:18:02]} 19. Nxd5 {[%clk
0:32:31]} Bxh3 {[%clk 0:18:06]} 20. Nc3 {[%clk 0:30:41]} Be6 {[%clk 0:16:33]}
21. Be3 {[%clk 0:28:59]} h3 {[%clk 0:13:11]} 22. g3 {[%clk 0:22:02]} Nf3+
{[%clk 0:11:41]} 23. Kh1 {[%clk 0:22:17]} Bb4 {[%clk 0:10:08]} 24. Be4 {[%clk
0:21:18]} Bxc3 {[%clk 0:07:55]} 25. Bxf3 {[%clk 0:21:21]} Bd4 {[%clk 0:06:46]}
26. Bxd4 {[%clk 0:16:56]} Rxd4 {[%clk 0:07:00]} 27. Be2 {[%clk 0:15:51]} Rd2
{[%clk 0:05:01]} 28. Bd3 {[%clk 0:15:37]} Rd8 {[%clk 0:05:12]} 29. Kg1 {[%clk
0:14:54]} f5 {[%clk 0:04:26]} 30. f3 {[%clk 0:14:44]} g6 {[%clk 0:04:21]} 31.
Rf2 {[%clk 0:15:02]} Rxf2 {[%clk 0:04:44]} 32. Kxf2 {[%clk 0:15:21]} Rd4 {[%clk
0:04:01]} 33. Re1 {[%clk 0:15:06]} Rd5 {[%clk 0:02:58]} 34. Re2 {[%clk
0:15:10]} Ra5 {[%clk 0:02:52]} 35. a3 {[%clk 0:14:46]} Kd7 {[%clk 0:03:14]} 36.
Rd2 {[%clk 0:13:36]} Kc6 {[%clk 0:02:37]} 37. Bf1 {[%clk 0:13:40]} e4 {[%clk
0:02:09]} 38. Bxh3 {[%clk 0:13:47]} e3+ {[%clk 0:02:21]} 39. Kxe3 {[%clk
0:13:47]} f4+ {[%clk 0:02:37]} 40. Kxf4 {[%clk 0:13:39]} Bxh3 {[%clk 0:02:59]}
41. g4 {[%clk 0:13:45]} Bf1 {[%clk 0:02:35]} 42. h4 {[%clk 0:13:51]} Bc4 {[%clk
0:00:37]} 43. Rd8 {[%clk 0:11:40]} Rb5 {[%clk 0:24:28]} 44. Rc8+ {[%clk
0:41:18]} Kd5 {[%clk 0:23:57]} 45. b3 {[%clk 0:41:43]} Bxb3 {[%clk 0:18:43]}
46. cxb3 {[%clk 0:42:04]} Rxb3 {[%clk 0:18:24]} 47. h5 {[%clk 0:42:21]} g5+
{[%clk 0:11:31]} 48. Kxg5 {[%clk 0:42:30]} Rxa3 {[%clk 0:06:31]} 49. h6 {[%clk
0:42:21]} Rxf3 {[%clk 0:05:11]} 50. h7 {[%clk 0:42:24]} Rh3 {[%clk 0:05:38]}
51. h8=Q Rxh8 {[%clk 0:05:56]} 52. Rxh8 {[%clk 0:42:58]} b5 {[%clk 0:05:46]}
53. Kf6 {[%clk 0:42:39]} b4 {[%clk 0:03:04]} 54. g5 1-0